000 00590nam a2200181Ia 4500
003 GCL
008 140319s9999 xx 000 0 ara d
040 _aGCL /
_cGCL
082 0 4 _a811.009
_bس غ
100 1 _aسهام راشد عثمان
245 1 0 _aالغزل فى شعر شوقى وناجى /
_cسهام راشد عثمان
300 _a413 ص
490 _aالهيئة العامة للاستعلامات
_v0
650 0 4 _aالادب
650 0 4 _aالشعر العربى - تاريخ ونقد
650 0 4 _aالشعر العربى - العصر الحديث
942 _2ddc
_cBK
999 _c49439
_d49439